The lightning thief

Bibliographic Details
Main Author: Riordan, Rick
Format: Book
Published: New York : Hyperion Books Publishers , 2005
Series:Percy Jackson & The Olympians, Book one
Subjects:

MARC

LEADER 00000cam a2200000 7i4500
001 0000023281
005 20100824.0
008 080827
020 |a 0786838655 
090 0 0 |a RIO   |b ENG 
100 1 |a Riordan, Rick 
245 1 0 |a The lightning thief   |c Rick Riordan 
260 |a New York :   |b Hyperion Books Publishers ,   |c 2005 
440 |a Percy Jackson & The Olympians, Book one 
650 0 |a Fathers and sons   |x fiction 
650 0 |a Friendship   |x fiction 
650 0 |a Mythology, Greek   |x juvenile fiction 
650 0 |a Zens (Greek deity)   |x fiction 
655 0 0 |a Fantasy stories 
999 |a 0001036750   |b Book   |c Adult Collection   |e Perbadanan Perpustakaan Awam Johor 
999 |a 0001072683   |b Book   |c Adult Collection   |e Perbadanan Perpustakaan Awam Johor